Les stations de tourisme de Normandie - Statistiques

Statistiques générales
  • Ce quiz a été pris 82 fois
  • Le résultat moyen est 16 sur 28
Statistiques - réponses
Hint Réponse % Correct
14 *AYEU* 2016 Bayeux
99%
50 GR*NV*LL* 1926 Granville
92%
76 F*C*MP 2017 Fécamp
86%
14 V*LL*RS-S*R-M*R 1922 Villers-sur-mer
84%
14 *AE* 2021 Caen
82%
76 R***N Rouen
79%
76 E**E*A* 1921 Etretat
78%
76 L* TR*P*RT 2018 Le Tréport
74%
14 ***STR*H*M 1923 Ouistreham
71%
14 *EAU*I**E 1921 Deauville
70%
14 BL*NV*LL*-S*R-M*R 1934 Blonville-sur-mer
68%
76 *IE**E 1925 Dieppe
68%
50 B*RN*V*LL*-S*R-M*R 2017 Barneville-sur-mer
67%
14 L*C-S*R-M*R 1924 Luc-sur-mer
67%
14 M*RV*LL*-FR*NC*V*LL*-PL*G* Merville-Franceville-Plage
60%
14 C**RS**LL*S-S*R-M*R 2017 Courseulles-sur-mer
58%
76 *E *A**E 2017 Le Havre
53%
14 S**NT-**B*N-S*R-M*R 1923 Saint-Aubin-sur-Mer
47%
14 *A*OU** 1914 Cabourg
45%
14 T**Q**S 2019 Touques
45%
14 *OU**A*E 1921 Houlgate
42%
14 *O***EU* 2009 Honfleur
33%
14 **OU*I**E-*U*-*E* 1921 Trouville-sur-mer
29%
76 *O**E*-*E*-EAU* 1926 Forges-les-Eaux
25%
61 *A**O*E*-*E-*'O**E 1921 Bagnoles-de-l'Orne
23%
50 *AU*E*I**E-*U*-*E* Hauteville-sur-mer
8%
50 *U**OU*I**E 2021 Jullouville
7%
50 *O**I**E-*U*-*E* 2018 Donville-sur-mer
3%
Aucun quiz correspondant
Distribution des résultats
% des personnes avec chaque résultat
Percentile par nombre de réponses
Votre historique - résultats
Vous n’avez pas pris ce quiz